01244nam a22003017a 450000500170000000800410001702000180005802000150007604000130009108200230010410000310012724501010015825000120025926000720027130000410034349000370038450000240042165000550044565000490050065300240054965500240057370000480059770000480064570000500069394200220074399900170076595201600078220141127103805.0141127t2006 xxua fr 001 0 eng d a9780781741187 a0781741181 aEG-ScBUE00222a615.1076 bHOW1 aHowland, Richard D.93667710aPharmacology /cRichard D. Howland, Mary J. Mycek ; editors Richard A. Harvey, Pamela C. Champe. a3rd ed. aBaltimore, United States :bLippincott Williams & Wilkins,cc.2006. avii, 552 p. :bill. (col.) ;c28 cm.0 aLippincott's illustrated reviews aIndex : p. 525-552. 0936103aPharmacologyvExaminations, questions, etc. 0936102aPharmacologyvOutlines, syllabi, etc. bPPhrmcNovember2014 vreading book9342321 aMycek, Mary J.936678d1926-q(Mary Julia),1 930034aHarvey, Richard A.,cPh. D.eeditor.1 aChampe, Pamela C. 930183eeditor. 2ddck615.1076 HOW c18676d18648 00102ddc40708BaccahaMAINbMAINc1STd2014-11-27epurchaseg230.00h20677l3m36o615.1076 HOWp000037058r2025-07-15 00:00:00s2020-11-05v287.75yBB